| 000 | 00522nam a22001457a 4500 | ||
|---|---|---|---|
| 008 | 230209b |||||||| |||| 00| 0 eng d | ||
| 040 |
_aNational Science Library _cNational Science Library |
||
| 080 |
_a633.74:663.914 _bK3 |
||
| 100 |
_9196 _6Rohan, T A |
||
| 245 |
_aProcessing of raw cocoa for the market _c/ Food and Agriculture Organization of the United Nations, |
||
| 260 |
_aRome: _bFood and Agriculture Organization of the United Nations, _c1963 |
||
| 300 | _a207p. | ||
| 650 | _aAgriculture | ||
| 942 |
_2udc _cREF |
||
| 999 |
_c53560 _d53560 |
||